| 000 | 00601nam a2200229Ia 4500 | ||
|---|---|---|---|
| 008 | 180523s9999 xx 000 0 und d | ||
| 020 | _a9971-51370-6 | ||
| 050 | _aMAIN QC 21.3 | ||
| 050 | _b.R47 2002 v.1 | ||
| 100 | _aResnick, Robert. | ||
| 245 | 0 | _aPhysics / | |
| 245 | 0 | _cRobert Resnick, David Halliday, Kenneth S. Krane; with the assistance of Paul Stanley. | |
| 250 | _a5th Edition | ||
| 260 | _aNew York : | ||
| 260 | _bJohn Wiley & Sons, | ||
| 260 | _c2002 | ||
| 300 | _a566 pages : | ||
| 300 | _c28 cm. | ||
| 440 | _vv.1 | ||
| 500 | _aIncludes index. | ||
| 650 | _aPhysics. | ||
| 999 |
_c357510 _d357510 |
||